| 000 | 00585nam a22001817a 4500 | ||
|---|---|---|---|
| 005 | 20250214112532.0 | ||
| 010 | _aENG-135733 | ||
| 020 |
_c615.00 _a978-81-230-2126-3 |
||
| 035 | _aEN-119265 | ||
| 037 | _bDBAD/PUB | ||
| 082 | _a954.16 | ||
| 100 |
_aGupta, Subhadra Sen _977576 |
||
| 245 |
_aDiscover the Magnificent world of Rashtrapati Bhawan/ _cBy Subhadra Sen Gupta |
||
| 260 |
_aNew Delhi _bPublication Division, Government of India _c2016 |
||
| 270 |
_aRashtrapati Bhavan _bNew Delhi |
||
| 300 |
_av.p. _c21cm(hbk) _bphotos |
||
| 942 |
_2ddc _cEN _mGUP _h954.16 |
||
| 999 |
_c193884 _d193884 |
||